000 00847aam a2200301 i 4500
001 768714001
003 CO-MdFUSB
005 20250908123634.0
007 ta
008 250908t1976 sp |||| |||| 00| 0 spa d
020 _a84-301-0425-9
040 _cCO-MdFUSB
041 0 _aspa
082 0 4 _223
_a250.9
_bR399p
100 1 _aTapia de Renedo, Benedictino
_eautor
245 1 0 _aHélder Cámara :
_bproclamas a la juventud
_c/ Benedicto Tapia de Renedo
264 1 _bEdiciones Sígueme,
_aSalamanca, España :
_c[1976]
264 4 _c©1976
300 _a250 páginas
336 _atexto
_btxt
_2rdacontent
337 _2rdamedia
_asin mediación
_bn
338 _2rdacarrier
_avolumen
_bnc
563 _aRústico
650 1 7 _aTeología pastoral
_9227
653 _aEducación cristiana -- Jóvenes
942 _cBK
945 _aJTF-925
999 _c36356
_d36356